<?xml version="1.0" encoding="UTF-8"?>
<record
    xmlns:xsi="http://www.w3.org/2001/XMLSchema-instance"
    xsi:schemaLocation="http://www.loc.gov/MARC21/slim http://www.loc.gov/standards/marcxml/schema/MARC21slim.xsd"
    xmlns="http://www.loc.gov/MARC21/slim">

  <leader>02180nam a2200241   4500</leader>
  <controlfield tag="001">ESSALUD</controlfield>
  <controlfield tag="005">20260701124126.0</controlfield>
  <controlfield tag="007">ta</controlfield>
  <controlfield tag="008">      t        pe ||||| |||| 00| 0 spa d</controlfield>
  <datafield tag="040" ind1=" " ind2=" ">
    <subfield code="a">BMG</subfield>
  </datafield>
  <datafield tag="041" ind1=" " ind2=" ">
    <subfield code="a">spa</subfield>
  </datafield>
  <datafield tag="100" ind1=" " ind2=" ">
    <subfield code="a">Tribunal Registral</subfield>
    <subfield code="e">Autor</subfield>
    <subfield code="9">53048</subfield>
  </datafield>
  <datafield tag="245" ind1=" " ind2=" ">
    <subfield code="a">No es exigible la previa inscripci&#xF3;n del divorcio para que se registre la compraventa cuando en el acto intervienen ambos exc&#xF3;nyuges</subfield>
  </datafield>
  <datafield tag="300" ind1=" " ind2=" ">
    <subfield code="a">p&#xE1;ginas 67-78</subfield>
  </datafield>
  <datafield tag="520" ind1=" " ind2=" ">
    <subfield code="a"> No se ha establecido la obligatoriedad de la inscripci&#xF3;n en el Registro Personal de aquellos actos que impliquen una modificaci&#xF3;n en el estado civil de las personas. El &#xFA;nico supuesto en el que ser&#xED;a exigible la previa inscripci&#xF3;n del divorcio ser&#xED;a en el caso que un exc&#xF3;nyuge transfiera la cuota ideal que le corresponder&#xED;a sobre un bien inscrito como social, a efectos de acreditar el derecho que le asiste al transferente sobre el bien, que pasar&#xED;a de un bien social a un bien sujeto a copropiedad. Sin embargo, en el presente caso, tal como se ha indicado, en la compraventa celebrada intervienen ambos exc&#xF3;nyuges, quienes a su vez manifiestan su deseo de transferir el derecho de propiedad que poseen sobre el predio. Es decir, que en la compraventa intervienen todos los copropietarios del predio. Siendo ello as&#xED;, no resulta necesario que como acto previo a la inscripci&#xF3;n de la compraventa se registre la rectificaci&#xF3;n de la calidad del bien, ello por cuanto lo que se busca es transferir la compraventa otorgada. En consecuencia, se puede afirmar que no resulta exigible la inscripci&#xF3;n del divorcio, la rectificaci&#xF3;n de la calidad del bien y la adjudicaci&#xF3;n por fenecimiento de la sociedad de gananciales, cuando en la compraventa intervienen ambos exc&#xF3;nyuges dando su conformidad, como sucede en el presente caso. </subfield>
  </datafield>
  <datafield tag="650" ind1=" " ind2=" ">
    <subfield code="a">REGISTROS PUBLICOS</subfield>
    <subfield code="9">4244</subfield>
  </datafield>
  <datafield tag="650" ind1=" " ind2=" ">
    <subfield code="a">PROPIEDAD INMUEBLE</subfield>
    <subfield code="9">53057</subfield>
  </datafield>
  <datafield tag="650" ind1=" " ind2=" ">
    <subfield code="a">CONTRATOS</subfield>
    <subfield code="9">337</subfield>
  </datafield>
  <datafield tag="650" ind1=" " ind2=" ">
    <subfield code="a">OBLIGACIONES</subfield>
    <subfield code="9">46967</subfield>
  </datafield>
  <datafield tag="650" ind1=" " ind2=" ">
    <subfield code="a">SOCIEDAD DE GANANCIALES</subfield>
    <subfield code="9">53058</subfield>
  </datafield>
  <datafield tag="773" ind1="0" ind2=" ">
    <subfield code="0">22573</subfield>
    <subfield code="9">22621</subfield>
    <subfield code="d">Lima Grupo Praxis Formaci&#xF3;n Profesional, 2026-</subfield>
    <subfield code="o">PRA002</subfield>
    <subfield code="t">Praxis Civil &amp; Procesal Civil</subfield>
    <subfield code="w">ESSALUD</subfield>
    <subfield code="x">3119-7671</subfield>
  </datafield>
  <datafield tag="942" ind1=" " ind2=" ">
    <subfield code="c">ARTICULOS</subfield>
    <subfield code="e">2026-07-01</subfield>
    <subfield code="z">sqb</subfield>
  </datafield>
  <datafield tag="999" ind1=" " ind2=" ">
    <subfield code="c">22597</subfield>
    <subfield code="d">22597</subfield>
  </datafield>
</record>
